Aspirations: (Record no. 201617)

MARC details
000 -LEADER
fixed length control field 00847nam a22002537a 4500
005 - DATE AND TIME OF LATEST TRANSACTION
control field 20240320111830.0
010 ## - LCCN (DPL NO)
LC control number ENG-139509
020 ## - INTERNATIONAL STANDARD BOOK NUMBER
International Standard Book Number 9789354421044
Terms of availability 125.00
035 ## - SYSTEM CONTROL NUMBER
System control number EN-123041
037 ## - SOURCE OF ACQUISITION
Source of stock number/acquisition DBAD/PUB
082 ## - DEWEY DECIMAL CLASSIFICATION NUMBER
Classification number 880
Edition number 1
245 ## - TITLE STATEMENT
Title Aspirations:
Remainder of title English for Careers/
Statement of responsibility, etc Edited By Ashok Chaskar...[et.al]
250 ## - EDITION STATEMENT
Edition statement 1
260 ## - PUBLICATION, DISTRIBUTION, ETC. (IMPRINT)
Place of publication, distribution, etc Hyderabad
Name of publisher, distributor, etc Orient Blackswan Private Ltd
Date of publication, distribution, etc 2021
270 ## - ADDRESS
Address 3-6-752, Himayatnagar
City Hyderabad
Postal code 500029
Electronic mail address info@orintblackswan.com
300 ## - PHYSICAL DESCRIPTION
Extent 181p.
Dimensions 21cm(pbk)
700 ## - ADDED ENTRY--PERSONAL NAME
Personal name Chaskar, Ashok
Relator term Editor
9 (RLIN) 63608
700 ## - ADDED ENTRY--PERSONAL NAME
Personal name Jagadale, Umesh
Relator term Editor
9 (RLIN) 63609
700 ## - ADDED ENTRY--PERSONAL NAME
Personal name Bernabas, Simon
Relator term Editor
9 (RLIN) 63610
700 ## - ADDED ENTRY--PERSONAL NAME
Personal name Chatterjee, Chandrani
Relator term Editor
9 (RLIN) 63611
700 ## - ADDED ENTRY--PERSONAL NAME
Personal name Nare Veena
Relator term Editor
9 (RLIN) 63612
700 ## - ADDED ENTRY--PERSONAL NAME
Personal name Raskar, Vikas
Relator term Editor
9 (RLIN) 63613
942 ## - ADDED ENTRY ELEMENTS (KOHA)
Source of classification or shelving scheme Dewey Decimal Classification
Classification part 480
Item type English Books
Call number suffix ASP
Edition 1
Holdings
Withdrawn status Lost status Not for loan Collection code Home library Current library Date acquired Source of acquisition Cost, normal purchase price Full call number Barcode Copy number Cost, replacement price Koha item type
      Non-fiction Patel Nagar Patel Nagar 20/03/2024 DBAD/PUB 125.00 480 ASP EN-123041 1 125.00 English Books

© Delhi Public Library
Hit Counter
free hit counter